An action plan to foster adequate preparation for retirement for Seventh-Day Adventist employees of West Cameroon Conference / (Record no. 22550)

MARC details
000 -LEADER
fixed length control field 00663nam a2200193 4500
003 - CONTROL NUMBER IDENTIFIER
control field AUA.1
005 - DATE AND TIME OF LATEST TRANSACTION
control field 20200109122217.0
008 - FIXED-LENGTH DATA ELEMENTS--GENERAL INFORMATION
fixed length control field 190729b ||||| |||| 00| 0 eng d
040 ## - CATALOGING SOURCE
Transcribing agency JTL
100 ## - MAIN ENTRY--PERSONAL NAME
Personal name Ndoumbe, Guillaume Calvin
245 ## - TITLE STATEMENT
Title An action plan to foster adequate preparation for retirement for Seventh-Day Adventist employees of West Cameroon Conference /
Statement of responsibility, etc Guillaume Calvin Ndoumbe
260 ## - PUBLICATION, DISTRIBUTION, ETC. (IMPRINT)
Date of publication, distribution, etc c2019
300 ## - PHYSICAL DESCRIPTION
Extent viii, 70 Leaves :
Dimensions 29 cm.
650 ## - SUBJECT ADDED ENTRY--TOPICAL TERM
Topical term or geographic name as entry element Retirement
650 ## - SUBJECT ADDED ENTRY--TOPICAL TERM
Topical term or geographic name as entry element Retirement planning
650 ## - SUBJECT ADDED ENTRY--TOPICAL TERM
Topical term or geographic name as entry element Church employees
General subdivision Seventh-day Adventists
651 ## - SUBJECT ADDED ENTRY--GEOGRAPHIC NAME
Geographic name Cameroon
9 (RLIN) 43161
942 ## - ADDED ENTRY ELEMENTS (KOHA)
Source of classification or shelving scheme AUA Inhouse Classification
Koha item type Project
Classification part MBA
Item part .N36 2019
Holdings
Withdrawn status Lost status Source of classification or shelving scheme Damaged status Not for loan Collection code Home library Current library Shelving location Date acquired Source of acquisition Cost, normal purchase price Serial Enumeration / chronology Total Checkouts Full call number Barcode Date last seen Date checked out Cost, replacement price Price effective from Koha item type
    AUA Inhouse Classification     JTL Research Collection Judith Thomas Library Judith Thomas Library Judith Thomas Library Research Section 29/07/2019 AUA RESEARCH DEPARTMENT 15.00 AUA25360 1 MBA .N36 2019 AUA25360 14/02/2024 08/02/2024 15.00 29/07/2019 Project